Modest proposal (Record no. 83313)
[ view plain ]
| 000 -LEADER | |
|---|---|
| fixed length control field | 01038cab a22002415a 4500 |
| 001 - CONTROL NUMBER | |
| control field | L153564 |
| 008 - FIXED-LENGTH DATA ELEMENTS--GENERAL INFORMATION | |
| fixed length control field | 110805e20110802xxk 000 0 eng d |
| 035 ## - SYSTEM CONTROL NUMBER | |
| System control number | (Sirsi) u153564 |
| 041 0# - LANGUAGE CODE | |
| Language code of text/sound track or separate title | eng |
| 100 1# - MAIN ENTRY--PERSONAL NAME | |
| Personal name | Pawlowska, Chrisoulla |
| 245 00 - TITLE STATEMENT | |
| Title | Modest proposal |
| 260 ## - PUBLICATION, DISTRIBUTION, ETC. | |
| Date of publication, distribution, etc. | 2011 |
| 490 ## - SERIES STATEMENT | |
| Series statement | Solicitors Journal |
| Volume/sequential designation | 155(30) 2 August 2011, 14-15(2) |
| 520 ## - SUMMARY, ETC. | |
| Summary, etc. | Discusses "Scullion v Bank of Scotland (T/A Colleys)" [2011] EWCA Civ 693 which held that the buy-to-let purchaser of a flat was not owed a duty of care by his mortgagee's surveyor for a negligence property valuation. (See L153160 to view full transcript). Discusses implications of "Scullion" for buy to let purchasers and negligent valuations. |
| 590 ## - LOCAL NOTE (RLIN) | |
| Local note | KA |
| 650 24 - SUBJECT ADDED ENTRY--TOPICAL TERM | |
| Topical term or geographic name entry element | SCULLION V BANK OF SCOTLAND PLC (T/A COLLEYS) |
| 650 24 - SUBJECT ADDED ENTRY--TOPICAL TERM | |
| Topical term or geographic name entry element | SMITH V ERIC S BUSH |
| 650 24 - SUBJECT ADDED ENTRY--TOPICAL TERM | |
| Topical term or geographic name entry element | HARRIS V WYRE FOREST DC |
| 650 24 - SUBJECT ADDED ENTRY--TOPICAL TERM | |
| Topical term or geographic name entry element | CAPARO INDUSTRIES PLC V DICKMAN |
| 651 #4 - SUBJECT ADDED ENTRY--GEOGRAPHIC NAME | |
| Geographic name | United Kingdom |
| Chronological subdivision | |
| 690 ## - LOCAL SUBJECT ADDED ENTRY--TOPICAL TERM (OCLC, RLIN) | |
| Topical term or geographic name as entry element | MANAGEMENT-BUSINESS MANAGEMENT-PROFESSIONAL PRACTICE-NEGLIGENCE |
| 942 ## - ADDED ENTRY ELEMENTS (KOHA) | |
| Suppress in OPAC | 0 |
| Withdrawn status | Lost status | Source of classification or shelving scheme | Damaged status | Not for loan | Home library | Current library | Shelving location | Date acquired | Total Checkouts | Full call number | Barcode | Date last seen | Copy number | Price effective from | Koha item type |
|---|---|---|---|---|---|---|---|---|---|---|---|---|---|---|---|
| Dewey Decimal Classification | London | London | Journal article | 05/08/2011 | L153564 | 153564-1001 | 06/08/2019 | 1 | 06/08/2019 | Journal article |